000 00790nam a2200217 4500
003 OSt
005 20240725014452.0
006 a
008 240725b |||||||| |||| 00| 0 eng d
020 _a9780312358693
040 _aDWCL-HMN lib.
_cOC
082 _aCirc. 615.365 K19f 2008
100 _aKash, Peter Morgan
245 _aFreedom from disease : breaktrhough approach to preventing cancer, heart disease ; Alzheimers and depression by controlling insulin /
260 _aN.Y. :
_bSt. Martin Press,
_cc2008.
300 _axviii,
_b254 p. ;
_c25 cm.
504 _aIncludes bibliographical references & index.
650 _a1. Insulin resistance-Popular works.
650 _a2. Metabolic syndrome-Popular works. 3. Chronic disease-Prevention.
942 _2ddc
_n0
_cBK-CIRC
_kCirc.
999 _c2700
_d2700